The Winning Way: Learnings From Sport For Managers (Record no. 503076)

000 -LEADER
fixed length control field 00400cam a22001337a 4500
008 - FIXED-LENGTH DATA ELEMENTS--GENERAL INFORMATION
fixed length control field 180718b2011 xxu||||| |||| 00| 0 eng d
020 ## - INTERNATIONAL STANDARD BOOK NUMBER
International Standard Book Number 9789380658322
082 ## - DEWEY DECIMAL CLASSIFICATION NUMBER
Classification number I51 B469
100 ## - MAIN ENTRY--PERSONAL NAME
Personal name Bhogle Anita & Bhogle Harsha
245 ## - TITLE STATEMENT
Title The Winning Way: Learnings From Sport For Managers
Statement of responsibility, etc. By Anita Bhogle & Harsha Bhogle
260 ## - PUBLICATION, DISTRIBUTION, ETC.
Place of publication, distribution, etc. New Delhi
Name of publisher, distributor, etc. Westland
Date of publication, distribution, etc. 2011
300 ## - PHYSICAL DESCRIPTION
Extent 196p.
650 ## - SUBJECT ADDED ENTRY--TOPICAL TERM
Topical term or geographic name entry element Leadership
Holdings
Withdrawn status Lost status Damaged status Not for loan Permanent Location Current Location Date acquired Full call number Barcode Date last seen Price effective from Koha item type
        Indian Institute of Public Administration Indian Institute of Public Administration 2018-08-04 I51 B469 GR19519 2018-08-04 2018-08-04 GR

Powered by Koha